Central Library OPAC University of Rajshahi

Discovery and exploration : (Record no. 23373)

MARC details
000 -LEADER
fixed length control field 00781nam a22002412a 4500
001 - CONTROL NUMBER
control field 23373
003 - CONTROL NUMBER IDENTIFIER
rucl marc code BD-RjUL
005 - DATE AND TIME OF LATEST TRANSACTION
control field 20211209000925.0
008 - FIXED-LENGTH DATA ELEMENTS--GENERAL INFORMATION
fixed length control field 140310s1960 enk 000 0 eng u
035 ## - SYSTEM CONTROL NUMBER
System control number (BD-RjUL)23438
040 ## - CATALOGING SOURCE
Original cataloging agency TOL
Modifying agency UKM
-- EQO
Language of cataloging eng
Transcribing agency BD-RjUL
041 ## - LANGUAGE CODE
Language code of text/sound track or separate title eng
082 ## - DEWEY DECIMAL CLASSIFICATION NUMBER
Classification number 910.09
Author mark and year DED 1960
100 1# - MAIN ENTRY--PERSONAL NAME
Personal name Debenham, Frank,
Dates associated with a name 1883-1965.
9 (RLIN) 68244
245 10 - TITLE STATEMENT
Title Discovery and exploration :
Remainder of title an atlas-history of man's journeys into the unknown /
Statement of responsibility, etc. introduction by Edward Shackleton
260 ## - PUBLICATION, DISTRIBUTION, ETC. (IMPRINT)
Place of publication, distribution, etc. London :
Name of publisher, distributor, etc. Hamlyn,
Date of publication, distribution, etc. c1960.
300 ## - PHYSICAL DESCRIPTION
Pagination 272 p. :
Illustrations illus., ports., maps (part col.) ;
Size 29 cm.
504 ## - BIBLIOGRAPHY, ETC. NOTE
Bibliography, etc Bibliography: p. 246-251
650 #0 - SUBJECT ADDED ENTRY--TOPICAL TERM
Topical term or geographic name as entry element Discoveries in geography
General subdivision History
9 (RLIN) 71988
942 ## - ADDED ENTRY ELEMENTS (KOHA)
Source of classification or shelving scheme Dewey Decimal Classification
Koha item type Books
Holdings
Lost status Source of classification or shelving scheme Damaged status Not for loan Collection code Permanent Location Current Location Shelving location Date acquired Total Checkouts Full call number Date last seen Copy number Koha item type
  Dewey Decimal Classification   Added to bundle Non-fiction Central Library, University of Rajshahi Central Library, University of Rajshahi Reading Room 10/03/2014   910.09 DED 1960 10/03/2014 C-1 Books